Výsledky zahraničného obchodu primerané schopnostiam manažmentu

Príčiny pasívneho salda slovenského zahraničného obchodu. Závislosť úspechu slovenskej obchodnej činnosti od manažmentu marketingu ZO, ktorý na Slovensku absentuje na úrovni obchodných a ekonomických radcov na zastupiteľských úradoch, ako aj na makro- i mikroúrovni. Atestácia pracovníkov. Očakávané...

Descripción completa

Guardado en:
Detalles Bibliográficos
Autor principal: Bartl, J.
Formato: Capítulo de libro
Lenguaje:eslovaco
Materias:
Etiquetas: Agregar Etiqueta
Sin Etiquetas, Sea el primero en etiquetar este registro!

MARC

LEADER 00000naa a2200000 4500
001 r023911
005 20221213114747.0
041 0 |a slo 
044 |a SK 
245 1 0 |a Výsledky zahraničného obchodu primerané schopnostiam manažmentu  |c J. Bartl 
520 |a Príčiny pasívneho salda slovenského zahraničného obchodu. Závislosť úspechu slovenskej obchodnej činnosti od manažmentu marketingu ZO, ktorý na Slovensku absentuje na úrovni obchodných a ekonomických radcov na zastupiteľských úradoch, ako aj na makro- i mikroúrovni. Atestácia pracovníkov. Očakávané prínosy Slovenského manažérskeho centra - strediska pre prevažne postgraduálne štúdium marketingu v trhových podmienkach. Know-how zo spoločných podnikov. 
610 2 0 |a marketing 
610 2 0 |a obchod zahraničný 
610 2 0 |a pracovníci odborní 
610 2 0 |a manažment 
610 2 0 |a Slovensko 
610 2 0 |a Slovenské manažérske centrum 
610 2 0 |a štúdium postgraduálne 
610 2 0 |a know-how 
610 2 0 |a podnik spoločný 
100 1 |a Bartl, J.